000 00760nam a2200277 a 4500
001 000108427
003 CHAP
005 20220329144012.0
008 140211s2013 xxca |r| |||1|||eng d
010 _a104889
011 _a105861
020 _a9781926895215
040 _cCHAP
082 0 4 _a631.4
_bS96
245 0 0 _aSustainable soil management /
_ceditado por Deirdre Rooney.
260 _aToronto, Canada :
_bApple Academic Press,
_c2013.
300 _axvii, 225 p. :
_bil.
590 _aE5652GLJ
_b05
_c20140211
_lUCH01
_h1300
650 1 4 _aSuelos y ecología.
_9110574
650 1 4 _aSuelos
_xAnálisis.
_9110204
650 1 4 _aSuelos
_xManejo.
_9110423
700 1 _aRooney, Deirdre
_eed.
_9125404
901 _aBK
942 _cLIBRO
942 _n0
999 _c104889
_d104889